000 01383nam a2200409 i 4500
001 14863
003 KOSZ 005
005 20200508113527.0
008 070608s1972 pl a f 001 0 pol
015 _aPB 1972/9878
035 _a991034646189705066
035 _a(PL-WaBN)b19326063-48omnis_nlop
035 _ab19326063
035 _a(OCoLC)812709930
035 _a(PL)b0000001932606
035 _a(EXLNZ-48OMNIS_NETWORK)9910310789505606
040 _aWA N
_cWA N
_dKOSZ 005/KK
080 _a69
080 _a651+657
100 1 _aKaliński, Bolesław
_d(1900-1983)
_eAutor
245 1 0 _aProwadzenie dokumentacji na budowie /
_cBolesław Kaliński.
250 _aWydanie 4 zaktualizowane
260 _aWarszawa :
_bWydawnictwo "Arkady",
_c1972.
300 _a385, [3] strony, [8] kart tablic :
_bilustracje ;
_c25 cm.
336 _2rdacontent
_aTekst
_btxt
337 _2rdamedia
_aBez urządzenia pośredniczącego
_bn
338 _2rdacarrier
_aWolumin
_bnc
380 _aKsiążki
388 _a1901-2000
504 _aBibliografia na stronach 373-376. Indeks.
658 _aArchitektura i budownictwo
650 7 _aDokumentacja budowy
_2DBN
710 2 _aWydawnictwo "Arkady".
_4pbl
856 _uhttp://koha.tu.koszalin.pl/cgi-bin/koha/opac-detail.pl?biblionumber=14863
_yKatalog online BPK
942 _2UKD
_cKS
999 _c14863
_d14863